LEADER 01002nam0-22003131i-450- 001 990001853850403321 005 20021010 035 $a000185385 035 $aFED01000185385 035 $a(Aleph)000185385FED01 035 $a000185385 100 $a20021010d--------km-y0itay50------ba 101 0 $aita 200 1 $a<>nuova malattia del lupino prodotta da Chalaropsis thielavioides Peyr. nov. gen. et nova sp.$fBeniamino Peyronel. 210 $aModena$c...$d1916. 215 $ap. 583-596$c5 tav.$d24 cm 300 $aEstr. da: Le Stazioni sperimentali agrarie italiane, 49,1916. 610 0 $aFitopatologia 610 0 $aLupinus 676 $a581.2 700 1$aPeyronel,$bBeniamino$0355448 801 0$aIT$bUNINA$gRICA$2UNIMARC 901 $aBK 912 $a990001853850403321 952 $a60 MISC. B 86/8$b$fFAGBC 959 $aFAGBC 996 $aNuova malattia del lupino prodotta da Chalaropsis thielavioides Peyr. nov. gen. et nova sp$9414061 997 $aUNINA DB $aING01 LEADER 00929nam0-22003371i-450- 001 990003017230403321 010 $a0-85941-783-2 035 $a000301723 035 $aFED01000301723 035 $a(Aleph)000301723FED01 035 $a000301723 100 $a20000920d1992----km-y0itay50------ba 101 0 $aita 102 $aIT 200 1 $aBanking and Finance in Eastern Europe$fEdited and introduced by Andreas R. Prindl. 210 $aNew York$cWoodhead-Faulkner$d1992. 215 $aVIII, 199 p.$d23 cm 610 0 $aPaesi ex socialisti$aBanche e finanza 676 $aF/1.424 676 $aF/1.425 676 $aF/1.7 676 $aJ/2.10 702 1$aPrindl,$bAndreas R. 801 0$aIT$bUNINA$gRICA$2UNIMARC 901 $aBK 912 $a990003017230403321 952 $aJ/2.10 PRI$b12146$fSES 959 $aSES 996 $aBanking and Finance in Eastern Europe$9467543 997 $aUNINA DB $aING01